Statistics for April 5th: Birthdays

Click here to take the quiz!

General Stats

  • This quiz has been taken 4 times
  • The average score is 3 of 10

Answer Stats

YearClueAnswer% Correct
1908Actress in All About EveBette Davis
100%
1916Actor in To Kill a MockingbirdGregory Peck
75%
1856First African-American on a USA StampBooker Washington
50%
1937General and President AssistantColin Powell
25%
1900Actor in Woman of the YearSpencer Tracy
25%
1588English PhilosipherThomas Hobbes
25%
1950Swedish SingerAgnetha Faltskog
0%
1947President of the PhilippinesGloria Macapagal-Arroyo
0%
1923South Vietnamese PresidentNguyen Van Thieu
0%
1973Produced Hidden FiguresPharrell Williams
0%

Score Distribution

Percentile by Number Answered

Percent of People with Each Score

Your Score History

You have not taken this quiz